| 000 | 00881nam a2200217Ii 4500 | ||
|---|---|---|---|
| 003 | JO-AjNU | ||
| 008 | 230605s9999||||xx |||||||||||||| ||und|| | ||
| 017 | _a2002/6/1587 | ||
| 040 |
_aJO-AjNU _bara _erda _cJO-AjNU |
||
| 041 | _aara | ||
| 050 | 1 | 4 | _aPJ7577.K4242 2002 |
| 100 | 3 |
_aخليل،إبراهيم, _eauthor _945380 |
|
| 245 | 0 | 0 | _aأقنعة الراوي: دراسات في الخطاب الروائي العربي |
| 264 | 3 | 1 | _aعمان:وزارة الثقافة،2002 |
| 300 | _a188ص | ||
| 336 |
_atext _btxt _2rdacontent |
||
| 337 |
_aunmediated _bn _2rdamedia |
||
| 338 |
_avolume _bnc _2rdacarrier |
||
| 490 | 0 | _aسلسلة كتب ثقافية تصدرها وزارة الثقافة المملكة الأردنية الهاشمية 2002 ، كتاب الشهر 31 | |
| 650 | 4 |
_a القصة العربية - تاريخ ونقد - القرن العشرين _945381 |
|
| 999 |
_aA19666 _c23234 _d23234 |
||